| 000 | 00000nam 2200000za 4500 |
| 001 | 9.833128 |
| 003 | CaOODSP |
| 005 | 20221107150142 |
| 007 | cr ||||||||||| |
| 008 | 171205t20172016oncbd ob f000 0 fre d |
| 020 | |a978-0-660-07783-3 |
| 040 | |aCaOODSP|bfre |
| 043 | |an-cn--- |
| 086 | 1 |aCW69-14/746-2017F-PDF |
| 100 | 1 |aGunn, Anne. |
| 245 | 10|aÉvaluation et rapport de situation du COSEPAC sur le caribou, Rangifer tarandus, population de la toundra, au Canada |h[ressource électronique]. |
| 246 | 15|aRapport de situation du COSEPAC sur le caribou, Rangifer tarandus, population de la toundra, au Canada |
| 260 | |aOttawa : |bCOSEPAC, Comité sur la situation des espèces en péril au Canada, |c[2017], c2016. |
| 300 | |axiv, 147 p. : |bcartes en coul., graph. en coul. |
| 500 | |aPubl. aussi en anglais sous le titre : COSEWIC assessment and status report on the caribou, Rangifer tarandus, barren-ground population, in Canada. |
| 500 | |aTitre de la couv. |
| 500 | |a« Menacée, 2016. » |
| 500 | |aRapport de situation rédigé par : Anne Gunn, Kim Poole et Don Russell. Révisé par : Justina Ray. Cf. Note de production. |
| 504 | |aComprend des références bibliographiques (p. 103-132). |
| 692 | 07|2gccst|aEspèce menacée |
| 692 | 07|2gccst|aMammifère |
| 692 | 07|2gccst|aConservation de la nature |
| 700 | 1 |aPoole, Kim Gordon,|d1957- |
| 700 | 1 |aRussell, Donald Edmund,|d1947- |
| 710 | 2 |aComité sur la situation des espèces en péril au Canada. |
| 710 | 1 |aCanada. |bEnvironnement et changement climatique Canada. |
| 775 | 08|tCOSEWIC assessment and status report on the caribou, Rangifer tarandus, barren-ground population, in Canada |w(CaOODSP)9.833127 |
| 856 | 40|qPDF|s5.68 Mo|uhttps://publications.gc.ca/collections/collection_2017/eccc/CW69-14-746-2017-fra.pdf |